000 00576nam a22002297a 4500
003 UA-OsUOA
001 90183
007 ta
008 20121114b un ||||| |||| 00| 0 ukr d
100 _aКравців Б
090 _a821.161.2
_bК78
942 _cBK
040 _aUA-OsUOA
_bukr
_cUA-OsUOA
_dUA-OsUOA
245 _aПоезії
300 _a477 с.
955 _a3
041 _aukr
080 _a821.161.2
260 _aЛьвів
_bФенікс ЛТД
_c1993
650 7 _a82 Література. Літературознавство
_2UDC
999 _c376481
_d376481